Statistics for Famous North Dakotans

Click here to take the quiz!

General Stats

  • This quiz has been taken 171 times
  • The average score is 3 of 5

Answer Stats

Clue Hometown Answer % Correct
President who, as a young man, played cowboy in North Dakota-Theodore Roosevelt
81%
11x NBA champion coach, with the Lakers and BullWillistonPhil Jackson
69%
Slugger who hit 61 home runs in 1961FargoRoger Maris
66%
Accordion player, and host of a long-running TV variety programStrasburgLawrence Welk
54%
Author of Western novels - he sold more than 320 million copiesJamestownLouis L'Amour
47%

Score Distribution

Percentile by Number Answered

Percent of People with Each Score

Your Score History

You have not taken this quiz